Score 0/30 Timer 04:00
0 Plays Today
% Correct
car park
94.2%
candyfloss
93.4%
ice lolly
92.8%
accelerator
92.8%
zebra crossing
91.5%
trainers
91.3%
dressing gown
88.5%
cooker
87.5%
lounge
87.3%
trolley
86.8%
solicitor
86.7%
ladybird
86.7%
caravan
79.5%
diversion
77%
braces
76.9%
% Correct
vest
76.5%
hamper
76.3%
fringe
74.8%
lay-by
72.7%
drawing pin
72.5%
sultanas
70.3%
anorak
69.9%
the dole
68.6%
off-licence
67.7%
treacle
66.8%
diamanté
66.1%
biro
65.3%
mackintosh
64%
central reservation
61.2%
swede
46.3%
Remove Ads.
Support Sporcle.
Get the best of Sporcle when you Go Orange. This ad-free experience offers more features, more stats, and more fun while also helping to support Sporcle. Thank you for becoming a member.

You're not logged in!

Compare scores with friends on all Sporcle quizzes.
OR
Log In

Show Comments

Extras

Top Quizzes Today


Score Distribution

Your Account Isn't Verified!

In order to create a playlist on Sporcle, you need to verify the email address you used during registration. Go to your Sporcle Settings to finish the process.

Report this User

Report this user for behavior that violates our Community Guidelines.

Details: